Anuario del Fútbol Chileno: VTR Cablexpress 1997
Gespeichert in:
| 1. Verfasser: | |
|---|---|
| Format: | Buch |
| Sprache: | Spanisch |
| Veröffentlicht: |
Santiago
VTR Cablexpress
1997
|
| Schlagworte: | |
| Tags: |
Tag hinzufügen
Keine Tags, Fügen Sie den ersten Tag hinzu!
|
MARC
| LEADER | 00000nam a2200000 a 4500 | ||
|---|---|---|---|
| 001 | UCH5516 | ||
| 003 | CL-VaPUC | ||
| 008 | 091014e19970000CL |||||||||||||||||spa|d | ||
| 020 | |a 9567687005 | ||
| 082 | 0 | 4 | |a 796.33 |b AST |2 21 |
| 100 | 0 | |a Astorga G., Rodrigo |e author |9 541806 | |
| 245 | 1 | 0 | |a Anuario del Fútbol Chileno: VTR Cablexpress 1997 |
| 300 | |a 431 p | ||
| 942 | |c BK | ||
| 945 | |d 20091014 00:00:00 |a ccalabra | ||
| 260 | |a Santiago |b VTR Cablexpress |c 1997 | ||
| 650 | 0 | |a Deportes |9 224367 | |
| 650 | 0 | |a Historia de Chile siglo 20 |9 268145 | |
| 650 | 0 | |a Fútbol |9 307513 | |
| 650 | 7 | |a DEPORTES CON BALON |2 CL-VaPUC |9 541807 | |
| 651 | 7 | |a CHILE |2 CL-VaPUC |9 541808 | |
| 583 | |a last modification |c 20091014 00:00:00 |k Rodrigo Vera | ||
| 999 | |c 336646 |d 336644 | ||